| 000 | 00628nam a22001697a 4500 | ||
|---|---|---|---|
| 999 |
_c61449 _d61449 |
||
| 005 | 20240314155344.0 | ||
| 008 | 240314s1977 ru ||||| |||| 00| 0 rus d | ||
| 041 | _arus | ||
| 080 | _a94(37) У-84 | ||
| 100 |
_aУтченко, С.Л. _920842 |
||
| 245 |
_aПолитические учения Древнего Рима : _bIII-I вв. до н.э. / _cС.Л. Утченко. |
||
| 264 |
_aМосква : _b«НАУКА», _c 1977. |
||
| 300 |
_a255 с.; _b20 см. |
||
| 653 | _aძველი რომის პოლიტიკური სწავლებები | ||
| 653 | _aისტორია | ||
| 942 |
_2udc _cBK |
||